Zdaňovanie príjmov v ére digitálnej ekonomiky

Saved in:
Bibliographic Details
Main Author: Simonidesová, Jana, 1968-
Format: Book Chapter
Language:Slovak
Subjects:
Tags: Add Tag
No Tags, Be the first to tag this record!

MARC

LEADER 00000naa a2200000 4500
001 0290476
005 20240502074451.7
041 0 |a slo 
044 |a SK 
245 1 0 |a Zdaňovanie príjmov v ére digitálnej ekonomiky  |c Jana Simonidesová 
500 |a Abstrakt 
610 2 0 |a digitalizácia 
610 2 0 |a ekonómia 
610 2 0 |a dane z príjmov 
610 2 0 |a dane 
610 2 0 |a daňovníci 
100 1 |a Simonidesová, Jana, 1968-